Los socialismos ante el siglo XXI /

Guardat en:
Dades bibliogràfiques
Autor principal: Portantiero, Juan Carlos
Format: Text
Etiquetes: Afegir etiqueta
Sense etiquetes, Sigues el primer a etiquetar aquest registre!

MARC

LEADER 00000 a a2200000 04500
001 47488
003
040
100 |a Portantiero, Juan Carlos  
245 |a Los socialismos ante el siglo XXI /  |c Juan Carlos Portantiero  
773 |g número2, (1994), páginas 74-83  
999 |c 20645  |d 20645